[Event "AUTO-INT-3940"]
[Site "http://www.queenalice.com/game.php?id=1860876"]
[Date "2025.7.31"]
[Round "1"]
[White "zmanomega"]
[Black "Rocio"]
[Result "0-1"]
[WhiteElo "1674"]
[BlackElo "1464"]

1. e4 e5 2. Nf3 Nc6 3. c3 Bc5 4. d4 exd4 5. cxd4 Bb4+ 6. Nbd2 Qe7 7. Bd3 Nf6 8.
h3 d6 9. a3 Ba5 10. b4 Bb6 11. Bb2 h6 12. Nc4 a6 13. O-O Nh5 14. d5 Nd8 15. Nxb6
cxb6 16. Nd4 Nf4 17. Qf3 Qg5 18. g4 h5 19. Qg3 h4 20. Qf3 f6 21. Nf5 Nf7 22. Bc1
Ne5 23. Qe3 Nxg4 24. hxg4 Qxg4+ 25. Ng3 hxg3 26. fxg3 Qh3 27. Kf2 Qg2+ 28. Ke1
Nh3 29. Be2 Bd7 30. Kd2 Ng5 31. Kd3 Bb5+ 32. Kd2 Nxe4+ 33. Kd1 Ba4+ 34. Ke1 Kd7
35. Bf3 Qxg3+ 36. Ke2 Rh2+ 37. Kd3 Bc2+ 38. Kc4 Rc8+ 39. Qc5 bxc5 40. Ra2 cxb4+
41. Kxb4 a5+ 42. Kxa5 Ra8+ 43. Kb6 Ra6+ 44. Kb5 Bd3+ 0-1

[Event "AUTO-INT-3944"]
[Site "http://www.queenalice.com/game.php?id=1862962"]
[Date "2025.9.13"]
[Round "1"]
[White "game"]
[Black "Rocio"]
[Result "1-0"]
[WhiteElo "1682"]
[BlackElo "1552"]

1. e4 e5 2. Nf3 Qe7 3. Bc4 h6 4. O-O Nf6 5. Nc3 a6 6. Re1 d6 7. d4 Bg4 8. Nd5
Nxd5 9. Bxd5 Ra7 10. Be3 Nd7 11. dxe5 dxe5 12. Bxa7 b6 13. Qd3 Nf6 14. Bc6+ Nd7
15. Qxa6 f6 16. Rad1 Kf7 17. Qc8 h5 18. Bxd7 Bxd7 19. Rxd7 Kg6 20. Rxe7 Bxe7 21.
Qxh8 f5 22. Qe8+ Kf6 23. Qxh5 Ke6 24. Qxf5+ Kd6 25. Qxe5+ Kd7 26. Bb8 Ke8 27.
Bxc7 b5 28. Qxb5+ Kf7 29. Ng5+ Kg6 30. h4 Kh5 31. g3 Kg4 32. Kg2 g6 33. Qe2# 1-0

[Event "AUTO-INT-3944"]
[Site "http://www.queenalice.com/game.php?id=1862963"]
[Date "2025.9.13"]
[Round "1"]
[White "Rocio"]
[Black "game"]
[Result "1-0"]
[WhiteElo "1527"]
[BlackElo "1742"]

1. e4 c5 2. Bc4 Nf6 3. d3 e5 4. Bg5 Be7 5. h3 O-O 6. Nf3 Nc6 7. Na3 Nd4 8. Nxe5
Qc7 9. f4 d6 10. Ng4 Bxg4 11. hxg4 h6 12. Bxf6 Bxf6 13. g5 Be7 14. gxh6 Qa5+ 15.
c3 Kh7 16. hxg7+ Kxg7 17. Qg4+ Kf6 18. Rh6# 1-0

[Event "AUTO-INT-3944"]
[Site "http://www.queenalice.com/game.php?id=1862976"]
[Date "2025.9.13"]
[Round "1"]
[White "Rocio"]
[Black "Anusha"]
[Result "0-1"]
[WhiteElo "1525"]
[BlackElo "1804"]

1. e4 c5 2. Bc4 Nc6 3. a3 Nf6 4. Nc3 d6 5. h3 g6 6. Nf3 Bg7 7. d3 O-O 8. Nh4 Nd4
9. O-O a6 10. Ne2 Nc6 11. Nf4 g5 12. Nh5 Nxh5 13. Qxh5 gxh4 14. Qxh4 e5 15. Bg5
Qc7 16. Qg3 Kh8 17. Rae1 Nd4 18. Bh6 Bxh6 19. c3 Ne6 20. d4 cxd4 21. cxd4 Qxc4
22. Re3 Qxd4 23. Rd3 Qxe4 24. Re3 Bxe3 25. fxe3 Bd7 26. b4 Rg8 27. Qf2 Rxg2+ 28.
Qxg2 Rg8 29. Kf2 Rxg2+ 30. Ke1 Qb1# 0-1

[Event "AUTO-INT-3944"]
[Site "http://www.queenalice.com/game.php?id=1862977"]
[Date "2025.9.13"]
[Round "1"]
[White "Anusha"]
[Black "Rocio"]
[Result "1-0"]
[WhiteElo "1826"]
[BlackElo "1541"]

1. c4 e5 2. Nc3 Bb4 3. Nd5 Bc5 4. g3 c6 5. Nc3 a6 6. Bg2 h6 7. Nf3 d6 8. O-O Qf6
9. Ne4 Qe7 10. Nxc5 dxc5 11. d3 Nf6 12. Bd2 Ng4 13. Bc3 h5 14. h3 Nh6 15. Bxe5
Nd7 16. Bxg7 Nf5 17. Bxh8 h4 18. e4 Nd4 19. Nxh4 Nf6 20. Bxf6 Qxf6 21. f4 Bd7
22. Nf3 Ne6 23. Rb1 Ng7 24. b4 Nh5 25. Qe1 O-O-O 26. bxc5 Rg8 27. Ng5 Qd4+ 28.
Kh2 Qxd3 29. Rb3 Qxc4 30. Qb1 Kd8 31. Rxb7 Qxc5 32. Rb8+ Bc8 33. Qb7 Qe7 34.
Rxc8# 1-0

[Event "AUTO-INT-3944"]
[Site "http://www.queenalice.com/game.php?id=1862978"]
[Date "2025.9.13"]
[Round "1"]
[White "Rocio"]
[Black "nuzera"]
[Result "0-1"]
[WhiteElo "1547"]
[BlackElo "1423"]

1. e4 e5 2. Bc4 Nf6 3. d3 d5 4. exd5 Bb4+ 5. c3 Bc5 6. h3 O-O 7. Qf3 b5 8. Qg3
bxc4 9. Qxe5 Re8 10. Qxe8+ Qxe8+ 11. Ne2 cxd3 12. Be3 Bxe3 13. fxe3 Qxe3 14. Kd1
Qxe2+ 15. Kc1 Qc2# 0-1

[Event "AUTO-INT-3945"]
[Site "http://www.queenalice.com/game.php?id=1863586"]
[Date "2025.9.30"]
[Round "1"]
[White "Carlos19"]
[Black "Rocio"]
[Result "1-0"]
[WhiteElo "1581"]
[BlackElo "1549"]

1. e4 e5 2. Bc4 Qe7 3. d3 Nc6 4. Nf3 h6 5. Nc3 Qd8 6. a3 Bc5 7. O-O a6 8. h3 d6
9. Nd5 Be6 10. b4 Ba7 11. b5 axb5 12. Bb3 Na5 13. Bd2 f5 14. a4 bxa4 15. Bxa4+
c6 16. Nc3 Nf6 17. Ne2 O-O 18. Nh4 fxe4 19. Ng6 Rf7 20. Ng3 b5 21. Bb3 Nb7 22.
Bxe6 Nc5 23. Bxf7+ Kxf7 24. Nh4 g5 25. Nhf5 exd3 26. c3 Ne6 27. Nxh6+ Kg6 28.
Ngf5 Nd5 29. Qf3 Qf8 30. g4 Ne7 31. Qxd3 Ng7 32. Nxe7+ Kxh6 33. Qg6# 1-0

[Event "AUTO-INT-3945"]
[Site "http://www.queenalice.com/game.php?id=1863587"]
[Date "2025.9.30"]
[Round "1"]
[White "Rocio"]
[Black "Carlos19"]
[Result "0-1"]
[WhiteElo "1517"]
[BlackElo "1607"]

1. e4 e5 2. Bc4 h6 3. Nf3 Nc6 4. a3 Nf6 5. d3 Bc5 6. h3 O-O 7. Nh4 Na5 8. Ba2 c6
9. Nf5 d5 10. Bxh6 gxh6 11. g4 dxe4 12. Nd2 exd3 13. Bb1 Qd5 14. Rh2 dxc2 15.
Bxc2 Bxf5 16. Bxf5 Rfe8 17. Qe2 Nb3 18. Rd1 Nxd2 19. Rxd2 Qa2 20. b4 Qxa3 21. g5
hxg5 22. h4 Bxb4 23. hxg5 Qc1+ 24. Qd1 Qxd1+ 25. Kxd1 Bxd2 26. Kxd2 Nd5 27. Bh7+
Kg7 28. Kd3 a5 29. Ke4 Rh8 30. g6 Nf6+ 31. Kxe5 Ng4+ 32. Kf5 Nxh2 33. Kg5 Rad8
34. f4 fxg6 35. Bxg6 Rd5+ 36. f5 Rd1 37. f6+ Kf8 38. f7 Rg1+ 39. Kf6 Ng4+ 40.
Ke6 Kg7 41. Bd3 Rf8 42. Ke7 Re1+ 43. Kd6 Rxf7 44. Bc4 Rd1+ 45. Ke6 Rf6+ 46. Ke7
Re1+ 47. Kd7 Ne5+ 48. Kc7 Nxc4 49. Kxb7 Re7+ 50. Ka6 c5+ 51. Kb5 Na3+ 52. Kxc5
Rc7+ 53. Kd5 Re7 54. Kd4 Rd6+ 55. Kc5 Rd1 56. Kc6 a4 57. Kc5 Nc2 58. Kc4 Ne3+
59. Kb4 Rc7 60. Kb5 a3 61. Kb6 Nd5+ 62. Kb5 Rb1+ 63. Ka4 Ra7# 0-1

[Event "AUTO-INT-3945"]
[Site "http://www.queenalice.com/game.php?id=1863601"]
[Date "2025.9.30"]
[Round "1"]
[White "Rocio"]
[Black "Ruusgugg"]
[Result "1-0"]
[WhiteElo "1526"]
[BlackElo "1370"]

1. e4 c5 2. Bb5 a6 3. Bc4 b5 4. Bd5 Nc6 5. a3 e6 6. Ba2 g5 7. h3 Ne5 8. d3 a5 9.
Nc3 a4 10. Nxb5 f5 11. d4 Nc4 12. Bxc4 fxe4 13. dxc5 Bxc5 14. b4 Bb6 15. Nd6+
Ke7 16. Bxg5+ Nf6 17. Ne2 Qg8 18. h4 h6 19. Bf4 Qxg2 20. Rg1 Qh3 21. Nxc8+ Kf7
22. Nxb6 Rag8 23. Rf1 d5 24. Bb5 Qxh4 25. Bg3 Rxg3 26. fxg3 Qg5 27. c4 Rb8 28.
Nd7 Rxb5 29. cxb5 Ke7 30. Nxf6 e3 31. Nd4 Qxg3+ 32. Ke2 h5 33. Nxh5 1-0

[Event "AUTO-INT-3949"]
[Site "http://www.queenalice.com/game.php?id=1864863"]
[Date "2025.10.29"]
[Round "1"]
[White "dida"]
[Black "Rocio"]
[Result "1-0"]
[WhiteElo "1545"]
[BlackElo "1540"]

1. e4 e5 2. Qf3 Qe7 3. Bc4 Nh6 4. h3 Nc6 5. Ne2 f6 6. Qh5+ Kd8 7. a3 Na5 8. d3
d6 9. Bd5 c6 10. Bxc6 Nxc6 11. Nbc3 a6 12. Nd5 Qd7 13. Be3 Na5 14. O-O b6 15.
Nxb6 Qb7 16. Nxa8 Qxa8 17. Nc3 Nb7 18. Bb6+ Ke7 19. Nd5+ Kd7 20. Nc7 Qb8 21.
Qe8# 1-0

[Event "AUTO-INT-3949"]
[Site "http://www.queenalice.com/game.php?id=1864864"]
[Date "2025.10.29"]
[Round "1"]
[White "Rocio"]
[Black "dida"]
[Result "1-0"]
[WhiteElo "1524"]
[BlackElo "1561"]

1. e4 e5 2. Bc4 Qe7 3. Nf3 Nc6 4. a3 Nh6 5. h3 d6 6. d3 Be6 7. Bb5 a6 8. Bxc6+
bxc6 9. Bg5 f6 10. Bxh6 gxh6 11. Nc3 Bg7 12. Qe2 O-O 13. d4 exd4 14. Nxd4 Qd7
15. O-O-O c5 16. Nf3 Bf7 17. Nh4 Qe6 18. Nd5 Qd7 19. Qf3 Bxd5 20. Rxd5 a5 21.
Qg3 Ra6 22. Nf5 Qe6 23. Qxg7# 1-0

[Event "AUTO-INT-3949"]
[Site "http://www.queenalice.com/game.php?id=1864877"]
[Date "2025.10.29"]
[Round "1"]
[White "renet54"]
[Black "Rocio"]
[Result "0-1"]
[WhiteElo "1596"]
[BlackElo "1505"]

1. d4 d5 2. Nf3 h6 3. Bf4 Nc6 4. e3 e6 5. c3 Nf6 6. Bd3 a6 7. O-O Ne7 8. Re1 Ng4
9. h3 Nf6 10. Nbd2 Nh5 11. Ne5 f6 12. Qxh5+ g6 13. Bxg6+ Nxg6 14. Qxg6+ Ke7 15.
Qf7+ Kd6 16. Nec4+ Kc6 17. Na5+ Kb6 18. Nab3 Ka7 19. Bxc7 Qd7 20. Qxf6 Bg7 21.
Qf4 Rf8 22. Nc5 Qc6 23. Ndb3 Rxf4 24. exf4 Qxc7 25. Rxe6 b6 26. a4 bxc5 27. Rg6
Bf8 28. Nxc5 Bxc5 29. dxc5 Qf7 30. Rxh6 Qg7 31. Rh5 Qg6 32. Rxd5 Bb7 0-1

[Event "AUTO-INT-3949"]
[Site "http://www.queenalice.com/game.php?id=1864878"]
[Date "2025.10.29"]
[Round "1"]
[White "Rocio"]
[Black "renet54"]
[Result "0-1"]
[WhiteElo "1555"]
[BlackElo "1592"]

1. e4 e5 2. Bc4 Nc6 3. a3 f5 4. exf5 d6 5. Nf3 Bxf5 6. Ng5 Qxg5 7. g3 Nge7 8. d4
Qf6 9. Nc3 exd4 10. Nb5 O-O-O 11. Bf4 Kb8 12. g4 Re8 13. gxf5 Nxf5+ 14. Kd2 g5
15. Qf3 gxf4 16. Qxf4 Bh6 17. Qxh6 Qxh6+ 18. Kd1 Qh5+ 19. Kc1 d3 20. Bxd3 Ng3
21. fxg3 Ne5 22. Bf1 Qg5+ 23. Kb1 Nc4 24. Bxc4 d5 25. Bd3 Rhf8 26. Ka2 b6 27.
Nd4 c5 28. Nc6+ Kb7 29. Nb4 cxb4 30. axb4 Qg4 31. c3 Re3 32. Bc2 Qe2 33. Rhe1
Qc4+ 34. b3 Qxc3 35. Rec1 Rf2 36. Ka3 Rxc2 37. Rab1 Rxc1 38. Rb2 Ra1+ 39. Ra2
Qxb3# 0-1

[Event "AUTO-INT-3940"]
[Site "http://www.queenalice.com/game.php?id=1865261"]
[Date "2025.11.6"]
[Round "2"]
[White "Rocio"]
[Black "bdpq"]
[Result "0-1"]
[WhiteElo "1512"]
[BlackElo "1613"]

1. e4 d5 2. e5 e6 3. Bb5+ c6 4. Bd3 Bc5 5. h3 Ne7 6. Nf3 Qb6 7. Rf1 O-O 8. Ng5
g6 9. Qe2 Nf5 10. Bxf5 exf5 11. a3 Nd7 12. e6 fxe6 13. b4 Be7 14. Nc3 Nb8 15. d3
c5 16. bxc5 Bxc5 17. Rb1 Qa5 18. Rb3 Nc6 19. Qf3 Ne5 20. Qg3 Bd4 21. Rb5 Bxc3+
22. Ke2 Qxb5 23. Rd1 Qb1 24. d4 b6 25. Qxc3 Nc4 26. Bf4 Qb5 27. Qg3 Nb2+ 28. Kd2
Nxd1 29. Kxd1 Ba6 30. Qh4 Qe2+ 31. Kc1 h5 32. Qg3 Rac8 33. Bd2 Rf6 34. Qb3 Qxf2
35. h4 Qxh4 36. Nf3 Qf2 37. Ne1 Qxd4 38. c3 Qg4 39. Kb2 b5 40. Nd3 Qxg2 41. Ne1
Qxd2+ 42. Nc2 e5 43. Ka2 Rxc3 44. Qb2 Rxc2 45. Kb3 Rxb2# 0-1

[Event "AUTO-INT-3940"]
[Site "http://www.queenalice.com/game.php?id=1865262"]
[Date "2025.11.6"]
[Round "2"]
[White "bdpq"]
[Black "Rocio"]
[Result "1-0"]
[WhiteElo "1610"]
[BlackElo "1500"]

1. e4 e5 2. d4 Nc6 3. d5 Nce7 4. Bd3 a6 5. Nf3 d6 6. O-O Ng6 7. Be3 Be7 8. Nc3
h6 9. b4 Nf6 10. Ne2 Ng4 11. h3 Nxe3 12. fxe3 Bxh3 13. gxh3 Qd7 14. Nc3 h5 15.
Nh2 Bg5 16. Qf3 Nh4 17. Qg3 f6 18. Be2 O-O-O 19. a4 Kb8 20. Rfb1 Rh6 21. a5 Rf8
22. Nf3 Nxf3+ 23. Bxf3 Bxe3+ 24. Kh2 h4 25. Qg4 Qf7 26. b5 Ka7 27. Nd1 Bf4+ 28.
Kg1 Rg6 29. b6+ cxb6 30. axb6+ Kb8 31. Kf2 Rxg4 32. Bxg4 Bg5 33. Rb3 Rc8 34.
Bxc8 Kxc8 35. c4 f5 36. Rf3 fxe4 37. Rxf7 Bd8 38. Rf8 Kd7 39. Rf7+ Ke8 40. Rxg7
Bxb6+ 41. Ke2 Kf8 42. Rxb7 e3 43. Rxb6 Kf7 44. Rxd6 a5 45. Rxa5 Ke7 46. Rc6 e4
47. Ra7+ Kd8 48. Rh6 Kc8 49. Rh8# 1-0